Catálogo
 En Linea
Vista normal Vista MARC

Entrada Nombre personal

Número de registros utilizados en: 1

001 - NÚMERO DE CONTROL

  • campo de control: 90275

003 - IDENTIFICADOR DEL NÚMERO DE CONTROL

  • campo de control: DO-SdBNP

005 - FECHA Y HORA DE LA ÚLTIMA TRANSACCIÓN

  • campo de control: 20260622001947.0

008 - DATOS DE LONGITUD FIJA

  • campo de control de longitud fija: 260622|| aza||aabn | a|a d

040 ## - FUENTE DE LA CATALOGACIÓN

  • Centro catalogador/agencia de origen: DO-SdBNP
  • Centro/agencia transcriptor: DO-SdBNP

100 ## - ENCABEZAMIENTO-NOMBRE DE PERSONA

  • Nombre de persona: Trujillo Molina, Rafael Leónidas,
  • Fechas asociadas al nombre: 1891-1961
  • Subdivisión general: Pensamiento político y social

670 ## - FUENTE DE DATOS ENCONTRADOS

  • Cita de la fuente: Work cat.: (DO-SdBNP)29862: Grimaldi Silié, Eleanor, 1948- autor 85713, La era de Trujillo /

Con tecnología Koha